Central Library OPAC University of Rajshahi

Statistics for economists / (Record no. 35577)

MARC details
000 -LEADER
fixed length control field 00747nam a2200253 a 4500
001 - CONTROL NUMBER
control field 35577
003 - CONTROL NUMBER IDENTIFIER
rucl marc code BD-RjUL
005 - DATE AND TIME OF LATEST TRANSACTION
control field 20211209052339.0
008 - FIXED-LENGTH DATA ELEMENTS--GENERAL INFORMATION
fixed length control field 140526r19831982 ii a b 001 0 eng d
020 ## - INTERNATIONAL STANDARD BOOK NUMBER
International Standard Book Number 0860030369
International Standard Book Number 0860031349 (pbk.)
035 ## - SYSTEM CONTROL NUMBER
System control number (BD-RjUL)35672
040 ## - CATALOGING SOURCE
Original cataloging agency LC
Language of cataloging eng
Transcribing agency LC
Modifying agency XNTU
-- BD-RjUL
041 ## - LANGUAGE CODE
Language code of text/sound track or separate title eng
082 04 - DEWEY DECIMAL CLASSIFICATION NUMBER
Classification number 519.5024339
Edition number 19
Author mark and year HES 1983
100 1# - MAIN ENTRY--PERSONAL NAME
Personal name Hebden, Julia.
9 (RLIN) 108327
245 10 - TITLE STATEMENT
Title Statistics for economists /
Statement of responsibility, etc. Julia Hebden.
260 ## - PUBLICATION, DISTRIBUTION, ETC. (IMPRINT)
Place of publication, distribution, etc. New Delhi :
Name of publisher, distributor, etc. Heritage,
Date of publication, distribution, etc. 1982 [reprinted 1983].
300 ## - PHYSICAL DESCRIPTION
Pagination vi, 201 p. :
Illustrations ill. ;
Size 24 cm.
504 ## - BIBLIOGRAPHY, ETC. NOTE
Bibliography, etc Includes bibliographies and index.
650 #0 - SUBJECT ADDED ENTRY--TOPICAL TERM
Topical term or geographic name as entry element Economics
General subdivision Statistical methods.
9 (RLIN) 5459
942 ## - ADDED ENTRY ELEMENTS (KOHA)
Source of classification or shelving scheme Dewey Decimal Classification
Koha item type Books
Holdings
Lost status Source of classification or shelving scheme Damaged status Not for loan Collection code Permanent Location Current Location Shelving location Date acquired Source of acquisition Cost, normal purchase price Total Checkouts Full call number Date last seen Copy number Koha item type Date checked out
  Dewey Decimal Classification     Non-fiction Central Library, University of Rajshahi Central Library, University of Rajshahi   19/08/1984 A. B. A. Cal. 95.00   519.5024339 HES 1983 26/05/2014 C-2 Books  
  Dewey Decimal Classification     Non-fiction Central Library, University of Rajshahi Central Library, University of Rajshahi   19/08/1984 A. B. A. Cal. 95.00 1 519.5024339 HES 1983 21/01/2016 C-3 Books 10/02/2015
  Dewey Decimal Classification     Non-fiction Central Library, University of Rajshahi Central Library, University of Rajshahi   19/08/1984 A. B. A. Cal. 95.00   519.5024339 HES 1983 26/05/2014 C-5 Books  
  Dewey Decimal Classification     Non-fiction Central Library, University of Rajshahi Central Library, University of Rajshahi   19/08/1984 A. B. A. Cal. 95.00   519.5024339 HES 1983 26/05/2014 C-4 Books  
  Dewey Decimal Classification   Not For Loan Non-fiction Central Library, University of Rajshahi Central Library, University of Rajshahi Reading Room 09/12/2021 A.B. A. Cal. 95.00   519.5024339 HES 1983 18/03/2017 C-1 Books